| 000 | 00755nam a2200229 i 4500 | ||
|---|---|---|---|
| 003 | OSt | ||
| 005 | 20160204170020.0 | ||
| 008 | 900920s1989 slv spa | ||
| 015 | _a1990-JUL-15293 | ||
| 020 | _a84-309-1684-9 | ||
| 040 |
_aSpMaBN _bspa _cBMC _erdc |
||
| 082 | _a869 | ||
| 100 | 1 |
_aPessoa, Fernando _d1888-1935 _936729 |
|
| 245 | 1 | 0 |
_aFausto _b: tragedia subjetiva _cFernando Pessoa ; traducción y prólogo de Ángel Crespo ; texto establecido y organizado por Teresa Sobral Cunha |
| 260 | 1 |
_aMadrid _bTecnos _c1989 |
|
| 300 |
_a245 p. _c22 cm |
||
| 490 |
_aLa memoria del fénix _v10 |
||
| 650 | 2 | 4 |
_936929 _aLiteratura portuguesa |
| 700 | 1 |
_aCrespo, Ángel _d1926-1995 _932056 |
|
| 700 | 1 |
_aCunha, Teresa Sobral _937872 |
|
| 942 |
_2ddc _cBK |
||
| 999 |
_c24624 _d24624 |
||